El petróleo y la problemática estructural venezolana (Registro nro. 4100)
[ vista simple ]
| 000 -CABECERA | |
|---|---|
| campo de control de longitud fija | 00547nam a22001937a 4500 |
| 001 - NÚMERO DE CONTROL | |
| campo de control | T027600002952 |
| 008 - DATOS DE LONGITUD FIJA--INFORMACIÓN GENERAL | |
| campo de control de longitud fija | 181111b xve|||||r|||| 00| | esp d |
| 020 ## - NÚMERO INTERNACIONAL ESTÁNDAR DEL LIBRO | |
| Número Internacional Estándar del Libro | 978-980-394-050-8 |
| 099 ## - SIGNATURA TOPOGRÁFICA LOCAL | |
| Número de clasificación | 338.27282 |
| Cutter | M632 |
| 100 ## - ENTRADA PRINCIPAL--NOMBRE DE PERSONA | |
| Nombre de persona | Mieres, Francisco |
| 245 ## - MENCIÓN DE TÍTULO | |
| Título | El petróleo y la problemática estructural venezolana |
| 260 ## - PUBLICACIÓN, DISTRIBUCIÓN, ETC. (PIE DE IMPRENTA) | |
| Lugar de publicación, distribución, etc. | |
| 300 ## - DESCRIPCIÓN FÍSICA | |
| Extensión | 332p. |
| 500 ## - NOTA GENERAL | |
| Nota general | Impreso |
| 650 ## - PUNTO DE ACCESO ADICIONAL DE MATERIA--TÉRMINO DE MATERIA | |
| Término de materia o nombre geográfico como elemento inicial | Industria y Comercio del Petróleo--Venezuela |
| 650 ## - PUNTO DE ACCESO ADICIONAL DE MATERIA--TÉRMINO DE MATERIA | |
| Término de materia o nombre geográfico como elemento inicial | Petróleo--Aspectos Económicos |
| 650 ## - PUNTO DE ACCESO ADICIONAL DE MATERIA--TÉRMINO DE MATERIA | |
| Término de materia o nombre geográfico como elemento inicial | Industria y Comercio del Petróleo |
| 942 ## - ELEMENTOS DE PUNTO DE ACCESO ADICIONAL (KOHA) | |
| Tipo de ítem Koha | Libro |
| Estado de retiro | Estado de pérdida | Estado dañado | No para préstamo | Localización permanente | Ubicación/localización actual | Fecha de adquisición | Total de préstamos | Signatura topográfica completa | Código de barras | Fecha visto por última vez | Precio válido a partir de | Tipo de ítem Koha | Número de copia |
|---|---|---|---|---|---|---|---|---|---|---|---|---|---|
| Oscar Varsavsky | Oscar Varsavsky | 13.11.2018 | 338.27282 M632 | T027600002944 | 13.11.2018 | 13.11.2018 | Libro | ||||||
| Oscar Varsavsky | Oscar Varsavsky | 13.11.2018 | 338.27282 M632 | T027600014811 | 13.11.2018 | 13.11.2018 | Libro | e.2 |